International technology transfer and catch-up in economic development (Record no. 218349)

MARC details
000 -LEADER
fixed length control field 00789nam a2200229Ia 4500
008 - FIXED-LENGTH DATA ELEMENTS--GENERAL INFORMATION
fixed length control field 191130s1999##################000#0#eng##
020 ## - INTERNATIONAL STANDARD BOOK NUMBER
ISBN 9781858987170
082 ## - DEWEY DECIMAL CLASSIFICATION NUMBER
Classification number 338.926091724 RAD
100 ## - MAIN ENTRY--AUTHOR NAME
Personal name Radošević, Slavo
245 ## - TITLE STATEMENT
Title International technology transfer and catch-up in economic development
Statement of responsibility, etc S. Radosevic
260 ## - PUBLICATION, DISTRIBUTION, ETC. (IMPRINT)
Place of publication Cheltenham, UK ; Northampton, MA
Name of publisher Edward Elgar
Year of publication 1999
300 ## - PHYSICAL DESCRIPTION
Number of Pages x, 284 p. ; ill. 24 cm
500 ## - GENERAL NOTE
General note Includes bibliographical references (p. 255-280) and index
650 ## - SUBJECT ADDED ENTRY--TOPICAL TERM
Topical Term Developing countries - Economic policy
Topical Term Economic development
Topical Term Technology transfer - Developing countries
991 ## -
-- 244874
Holdings
Withdrawn status Lost status Damaged status Not for loan Home library Current library Shelving location Date acquired Full call number Accession Number Price effective from Koha item type
        Anna Centenary Library Anna Centenary Library 4TH FLOOR, A WING 13.10.2020 338.926091724 RAD 359125 13.10.2020 English Books

Find us on the map